000 00816 a2200205 4500
001 54411
005 20260407155817.0
008 260407a1984 arg spa d
003 AR-UNSa-BCEJYS
040 _aAR-UNSa-BCEJYS
_bspa
_cAR-UNSa-BCEJYS
080 _a329PJ
_xPartido Justicialista (Peronismo)
245 1 0 _aEl 45
020 _a84-499-7474-7
264 1 _aBuenos Aires :
_bHyspámerica Ediciones Argentina
_c1984
300 _a529 p.
_c20 cm.
505 _aI. El camino de la oposición (Abrril-Setiembre 1945) - II.El camino de Perón (Abril-Setiembre 1945) - III. El huracán de la historia (Setiembre-Octubre) - IV. La Unión Soviética (Noviembre 1945-Febrero 1946) - V. El Peronismo (Noviembre 1945-Febrero 1946)
942 _cBK
590 _aniveau_biblio:m niveau_hierar:0
100 1 _aLuna, Félix
999 _c5568
_d5568